000 00397nam a2200145Ia 4500
008 240624s9999 xx 000 0 und d
041 _aeng
082 _a300.1 KLE
100 _aKLEINBAUM DAVID G
245 _aAPPLIED REGRESSION ANALYSIS AND OTHER MU
250 _a(4th ed.)
260 _c2008
_aAustralia
_bBrooks/Cole Cengage Learning
300 _axxi, : 906 : p. : cm. ; 23
365 _c
_b30
999 _c14915
_d14915